000 00654cam a22002173a 4500
001 45980
003 PGUSA
005 20140828084056.0
008 140615s2014||||xxu|||||s|||||000 | eng d
040 _aPGUSA
_beng
042 _adc
100 1 _aGrego, Joseph
245 1 0 _aRowlandson the Caricaturist. First Volume :
_bA Selection from his Works
_h[electronic resource] /
_cJoseph Grego
260 _bProject Gutenberg,
_c2014
506 _aPublic domain in the USA.
516 _aElectronic text
700 1 _aRowlandson, Thomas,
_d1756-1827
830 0 _aProject Gutenberg
_v45980
856 4 0 _uhttp://www.gutenberg.org/ebooks/45980
942 _cEB
999 _c275229
_d275229